Kluby Ekstraklasy 25/26- anagram - Statystyki

Ogólne statystyki
  • Ten quiz został rozwiązany 30 razy
  • Średni wynik to 15 z 18
Statystyki odpowiedzi
Hint Odpowiedź % Poprawnych
anhzpeńcol Lech Poznań
96%
iwdwódłźez Widzew Łódź
93%
ivacorac Cracovia
89%
ałtobilisgnakialejyo Jagiellonia Białystok
89%
caeorinkolke Korona Kielce
86%
eciwilgtsaip Piast Gliwice
86%
łwiłopksca Wisła Płock
86%
gizięlbubałen Zagłębie Lubin
86%
brkzgnzróaei Górnik Zabrze
82%
aizalswgwaare Legia Warszawa
82%
eocpisńcozzng Pogoń Szczecin
82%
omodarkiadamr Radomiak Radom
82%
ikwagtsokec GKS Katowice
79%
raadyakngi Arka Gdynia
75%
caidhańlgeks Lechia Gdańsk
75%
toilunlbrmo Motor Lublin
75%
towwoęszkócracah Raków Częstochowa
75%
ezaebiaakimecttrberculicni Bruk- Bet Termalica Nieciecza
68%
Nie znaleziono quizów pasujących do podanych kryteriów
Rozkład punktacji
Procent ludzi z każdym wynikiem
Percentyl według liczby udzielonych odpowiedzi
Twoja historia wyników
Nie rozwiązałeś tego quizu